000 00428nam a2200169Ia 4500
003 Ost
005 20260225132600.0
008 260225s9999||||xx |||||||||||||| ||und||
020 _a9782343052106
040 _cfsic
041 _afre
082 _a70.4
100 _aSYLVIE P . ALEMANNO
_eAuteur
245 0 _aL'ANGLAIS ORGANISATIONNELLE ; MENAGEMENT ET NUMIRIQUE . /
245 0 _cSYLVIE P . ALEMANNO
942 _cكتاب
999 _c34706
_d34706